000 00394nam a2200157Ia 4500
008 230524s9999 xx 000 0 und d
082 _a650
_bGUP
100 _aS.L.Gupta
245 0 _a"Financial Derivatives : Theory, Concepts and Problems"
250 _aIST
260 _aNEW DELHI
_bPHI
_c2007
300 _aXIV;616
500 _aQuantity Number: 7
650 _aManagement
942 _cBK
999 _c40472
_d40472